| 000 | 00641nam a22002057a 4500 | ||
|---|---|---|---|
| 003 | URS | ||
| 005 | 20250304173724.0 | ||
| 008 | 250227t2022 -cn||||| |||| 00| 0 eng d | ||
| 020 | _a978-1-77469-015-4 | ||
| 040 |
_aDLC _beng _cDLC _dDLC _dURS _erda |
||
| 082 |
_a306.44 _bB2902 2022 |
||
| 100 |
_aBasa Rowel S _4Author |
||
| 245 |
_aLanguage and Social Relations _cRowela S Basa |
||
| 300 |
_axiii, 220 ; _c23cm |
||
| 336 |
_2rdacontent _atext _btxt |
||
| 337 |
_2unmediated _an _brdamedia |
||
| 504 | _aIncluded Biographical references (pages 211-220) and index. | ||
| 650 | _2Sociolinguistics , Interpersonal communication. | ||
| 942 |
_2ddc _cFR |
||
| 999 |
_c82204 _d82203 |
||